000 00542nam a22001577a 4500
005 20240820105948.0
008 240820b |||||||| |||| 00| 0 eng d
041 _aEnglish
082 _a349 LAW
100 _lEnglish
245 _aThe Law Reports, Weekly Reports and Industrial Cases Reports: Consolidated Index 1971-1980
260 _aLondon:
_bThe Incorporated Council of Law Reporting for England and Wales,
_c1980
300 _b1245 pages;
_c25 cm.
650 _aLegal practice
_bLaw
942 _cBK
_6ALISON_BN_VRIES
999 _c2727
_d2727